| 000 | 00793nam a2200265 i 4500 | ||
|---|---|---|---|
| 001 | bg | ||
| 100 | 1 | _aKOWALCZYK, Lucyna | |
| 245 | 1 | 0 |
_aBiznesplan czyli jak poznać kredytobiorcę / _cLucyna Kowalczyk. |
| 250 | _a[Wyd.1, dodr.]. | ||
| 260 |
_aWarszawa : _b"Twigger", _c2002. |
||
| 300 |
_a146 s. : _brys., wykr. ; _c21 cm. |
||
| 490 | 1 | _aBiblioteka Bankowca | |
| 504 | _aBibliogr. s. 145-146. | ||
| 650 | 9 |
_aPrzedsiębiorstwo _xplanowanie |
|
| 650 | 9 |
_aKredyt _xzagadnienia |
|
| 830 | _aBiblioteka Bankowca | ||
| 020 | _a8385946810 | ||
| 040 | _cBPK | ||
| 041 | 0 | _apl | |
| 080 | _a658.1/.5.012.2:336.77 | ||
| 920 | _a83-85946-81-0 | ||
| 942 | _cKS | ||
| 008 | s pl f |000 0 pol | ||
| 999 |
_c41984 _d41984 |
||
| 856 |
_uhttp://koha.tu.koszalin.pl/cgi-bin/koha/opac-detail.pl?biblionumber=41984 _yKatalog online BPK |
||